RECYKLOVANÝ MATERIÁL DO POZEMNÍCH KOMUNIKACÍ V ČESKÉ REPUBLICE

Podrobná bibliografia
Hlavní autori: Stehlík, Dušan (Autor), Hýzl, Petr, 1973- (Autor)
Médium: Článok
Jazyk:čeština
ISBN:9788023203066

MARC

LEADER 00000naa a2200000uu 4500
001 vtls011058546
003 SK-MaSNL
005 20260302145002.0
008 220810|2010 xo |||||||||||||||||cze|
015 |a SNBRA 
035 |a (urnnbn)urn:nbn:sk:snk:ar-a0c0oz 
035 |a (uuid)71ecddcd-00bf-40af-8c0b-ace290728341 
035 |a urn:nbn:sk:snk-aav79v 
040 |a SNKBUCL  |b slo  |c SNKBUCL  |e AACR2 
041 0 |a cze 
044 |a xo  |c SK 
100 1 |a Stehlík, Dušan  |4 aut  |9 731887 
245 1 0 |a RECYKLOVANÝ MATERIÁL DO POZEMNÍCH KOMUNIKACÍ V ČESKÉ REPUBLICE  |c Dušan Stehlík, Petr Hýzl 
700 1 |a Hýzl, Petr,  |d 1973-  |4 aut  |9 263900 
773 0 |t Znovupoužitie materiálov na stavebné účely  |d Košice] : Dom techniky - Etela Bačenková, 2010  |g S. 75-80  |z 9788023203066 
954 |a odborná, vedecká literatúra cudzojazyčná (svetová)  |2 lita 
958 |a OND 
958 |a article12 
958 |a chapter 
999 |c 1352001  |d 1353931